000 00359 a2200157 4500
001 62397
020 _a9788581630090
040 _cAnchieta - Pituba
100 _aAddison, Corban
240 1 0 _aCruzando o caminho do sol
_lpor
245 1 0 _aCruzando o caminho do sol
300 _a447
362 0 _a2012
650 4 _aFicção norte-americana
942 _cBK
999 _c62397
_d62397